Radnica

Enregistré dans:
Détails bibliographiques
Auteur principal: Guthová, Barbara (Auteur)
Autres auteurs: Oravcová, Eva (Directeur de thèse)
Format: Manuscrit Livre
Langue:slovaque
Publié: Bratislava 2021
Sujets:
Accès en ligne:http://is.stuba.sk/zp/portal_zp.pl?podrobnosti=145821
Tags: Ajouter un tag
Pas de tags, Soyez le premier à ajouter un tag!

MARC

LEADER 00000ntm a22000003a 4500
001 stuzp83866
003 SK-STU
005 20220210102933.2
007 ta
008 150427s2015----xo-----f-mn---000-0-slo-d
040 |a STU  |b slo 
041 0 |a slo 
100 1 |a Guthová, Barbara  |u 058180  |4 aut  |U FAD Fakulta architektúry a dizajnu  |T FAD Ústav architektúry občianskych budov  |X 93626  |U A8180  |Y 399  |7 93626 
242 0 1 |a Town Hall  |y eng 
245 1 0 |a Radnica 
260 |c 2021  |a Bratislava 
650 4 |a námestie  |2 slo 
650 4 |a verejnosť  |2 slo 
650 4 |a radnica  |2 slo 
650 4 |a town hall  |2 eng 
650 4 |a town square  |2 eng 
650 4 |a public  |2 eng 
700 1 |a Oravcová, Eva  |u 058180  |k Z1  |4 ths  |U FAD Fakulta architektúry a dizajnu  |T FAD Ústav architektúry občianskych budov  |X 411  |U A8180  |Y 399  |7 A000000411 
856 4 |u http://is.stuba.sk/zp/portal_zp.pl?podrobnosti=145821  |u https://opac.crzp.sk/?fn=detailBiblioForm&sid=983A108C82E0ACEA975F796AE8A0